Real estate finance and investments (Registro nro. 307789)

Detalles MARC
000 -ENCABEZADO
Número de control [NR] 01062cam a2200301 i 4500
001 - NÚMERO DE CONTROL
control field ocn951528608
003 - IDENTIFICADOR DE CONTROL NÚMERO
control field Co-BoUCM
005 - FECHA Y HORA DE LA ÚLTIMA TRANSACCIÓN
control field 20171122140528.0
008 - DE LONGITUD FIJA DE DATOS DE ELEMENTOS - INFORMACIÓN GENERAL
Elementos de longitud fija [NR] 171122s2016 paua 001 0 eng d
020 ## - NUMERO INTERNACIONAL NORMALIZADO PARA LIBROS [R]
Número Internacional Normalizado del libro [NR] 9780692480458
020 ## - NUMERO INTERNACIONAL NORMALIZADO PARA LIBROS [R]
Número Internacional Normalizado del libro [NR] 0692480455
035 ## - NUMERO DE CONTROL DEL SISTEMA [R]
Número de control del sistema [NR] (OCoLC)951528608
040 ## - FUENTE DE CATALOGACION [NR]
Agencia de catalogación original [NR] Co-BoUCM
Idioma de catalogación [NR] eng
Quien Cataloga Saul Niño
Quien Clasifica Saul Niño
041 0# - CODIGO DE IDIOMA [R]
Código de idioma para texto/pista de sonido o título separado [R] Inglés
050 #4 - SIGNATURA TOPOGRAFICA DE LA BIBLIOTECA DEL CONGRESO (LC) [R]
Número clasificador [R] HD1375
Número del ítem [NR] .L56 2016
100 1# - ASIENTO PRINCIPAL--NOMBRE PERSONAL [NR]
Nombre personal [NR] Linneman, Peter
ID Autoridad 89312
245 10 - MENCION DE TITULO [NR]
Título [NR] Real estate finance and investments
Parte restante del título [NR] risks and opportunities
Mención de responsabilidad, etc. [NR] Peter Linneman
246 ## - FORMA VARIANTE DEL TITULO [R]
Título propiamente dicho/forma breve del título [NR] Real estate finance & investments
250 ## - MENCION DE EDICION [NR]
Mención de edición [NR] Cuarta edición
260 ## - PUBLICACION, DISTRIBUCION, ETC. (PIE DE IMPRENTA) [R]
Lugar de publicación, distribución, etc. [R] Philadelphia
Nombre del editor, distribuidor, etc. [R] Linneman Associates
Fecha de publicación, distribución, etc. [R] 2016
300 ## - DESCRIPCION FISICA [R]
Extensión [R] ix, 493 páginas
Otros detalles físicos [NR] ilustraciones
650 #7 - ASIENTO SECUNDARIO DE MATERIA - TERMINO TEMATICO [R]
Término temático o nombre geográfico como elemento de entrada [NR] Impuestos inmobiliarios
Subdivisión geográfica [R] Estados Unidos
Subdivisión general [R] Finanzas
9 (RLIN) 17239
650 #7 - ASIENTO SECUNDARIO DE MATERIA - TERMINO TEMATICO [R]
Término temático o nombre geográfico como elemento de entrada [NR] Inversiones en bienes raíces
Subdivisión geográfica [R] Estados Unidos
Subdivisión general [R] Finanzas
9 (RLIN) 17955
650 #7 - ASIENTO SECUNDARIO DE MATERIA - TERMINO TEMATICO [R]
Término temático o nombre geográfico como elemento de entrada [NR] Negocios en bienes raíces
Subdivisión general [R] Finanzas
9 (RLIN) 20173
651 #7 - ASIENTO SECUNDARIO DE MATERIA - NOMBRE GEOGRAFICO [R]
Nombre geográfico [NR] Estados Unidos
9 (RLIN) 448
942 ## - ELEMENTOS DE ENTRADA AGREGADOS (KOHA)
Sistema de clasificación DEWEY
Tema principal Economía
Tipo de ítem principal el descrito en 300a Libro de reserva
Edición 1
Clasificación 332.720973
Parte restante de la signatura top. L758r
Existencias
Signatura topográfica Código de barras Última vez visto Volúmen / Fascículo Ejemplar Costo de reposición Price effective from Tipo de ítem Perdido Sistema de clasificación Dañado No prestable Tipo de ítem específico Suprimido Ubicación habitual Ubicación actual Localización Fecha de creación Proveedor Forma de adquisición Costo Fecha de último préstamo Total préstamos Total Renewals
332.720973 L758r 100155559 04/12/2025 4a.Ed. Ej.1 718070.00 15/11/2017 Libro   DEWEY     Libro   Claustro Claustro Mezanine 15/11/2017 19 Compra 718070.00      
332.720973 L758r 100155560 04/12/2025 4a.Ed. Ej.2 718070.00 15/11/2017 Libro         Libro   Claustro Claustro Mezanine 15/11/2017 19 Compra 718070.00 01/10/2018 1 2